| 000 | 00389nam a22001457a 4500 | ||
|---|---|---|---|
| 005 | 20250328123358.0 | ||
| 008 | 250328b |||||||| |||| 00| 0 eng d | ||
| 020 | _a9780077095611 | ||
| 050 |
_aHD 30.22 GOU _b1 |
||
| 100 | _aGOUGH, Julian | ||
| 245 | _aIntroductory economics for business and management | ||
| 260 |
_aLondon _bMcGraw Hill _c2000c |
||
| 300 | _axiv,354p | ||
| 942 |
_2lcc _cBK _n0 |
||
| 999 |
_c5297 _d5297 |
||